000 00512nam a2200205Ia 4500
003 IIN
005 20240125150843.0
008 231217s9999 xx 000 0 und d
020 _cRs.795.00
_a9789390595396
040 _aIIN
_bEnglish
082 _a616.07
_bSWA
100 1 _aSwaminathan, K.
245 1 _aPathology & Genetics for Nurses
_cK. Swaminathan
250 _a3rd ed
260 _bJaypee
_aNew Delhi
_c2021
300 _axii, 330 p.
650 1 _aPathology
650 1 _aGenetics
942 _cBOOK
999 _c654
_d654